Glosae super Platonem
Guardat en:
| Autor principal: | |
|---|---|
| Format: | Llibre |
| Idioma: | francès |
| Publicat: |
París
J. Vrin
1965
|
| Col·lecció: | Textes Philosophiques du Moyen Age, 13
|
| Matèries: | |
| Etiquetes: |
Afegir etiqueta
Sense etiquetes, Sigues el primer a etiquetar aquest registre!
|
MARC
| LEADER | 00000nam a2200000 a 4500 | ||
|---|---|---|---|
| 001 | UCZ3918 | ||
| 003 | CL-VaPUC | ||
| 008 | 951027e19650000FR |||||||||||||||||fre|d | ||
| 082 | 0 | 4 | |a 189 |b GUI |2 21 |
| 100 | 0 | |a Guillaume, Conches de |e author |9 347773 | |
| 245 | 1 | 0 | |a Glosae super Platonem |
| 300 | |a 358 p | ||
| 942 | |c BK | ||
| 945 | |d 19951027 00:00:00 |a lriquelm | ||
| 260 | |a París |b J. Vrin |c 1965 | ||
| 650 | 0 | |a Filosofía medieval |9 256245 | |
| 650 | 0 | |a Platonismo |9 265673 | |
| 650 | 0 | |a Metafísica |9 265649 | |
| 650 | 0 | |a Tiempo |9 267892 | |
| 583 | |a last modification |c 19951027 00:00:00 |k Rodrigo Vera | ||
| 490 | 0 | |a Textes Philosophiques du Moyen Age, 13 | |
| 999 | |c 240361 |d 240359 | ||
| 952 | |0 0 |1 0 |4 0 |6 189_000000000000000_GUI_1965 |7 0 |8 P |9 252203 |a BIBEDU |b BIBEDU |c BIBEDU_PB |d 2019-11-18 |i 150181K |o 189 GUI 1965 |p 150181K |r 2024-01-25 |w 2019-11-18 |y BK |k FIL | ||